书目信息 |
| 书名: | 山木叔大地夫·高濑舟 | |
| 作者: | 森鸥外著. | |
| 分册号: | ||
| 分册名: | 出版地: | 东京 : |
|
| 出版社: | 株式会社大从社 | |
| 出版时间: | 昭和58年. | |
| 页数: | 302 p. ; | |
| 开本: | 20cm. | |
| 丛书名: | ||
| 中图分类号: | ||
| 科图分类号: | ||
| 其他分类号: | H369.4 | |
| 主题词: | ||
| 电子资源: | ||
| 000 | 00416nam 2200169 a 4500 | |
| 001 | E0761685920 | |
| 005 | 20070720171203.18 | |
| 008 | 070720s58年 00010 eng | |
| 040 | @aPFT@bchi | |
| 041 | @achi@hjpn | |
| 090 | @aH369.4 | |
| 099 | @dH369.4@e113 | |
| 245 | 1 | @a山木叔大地夫·高濑舟 / @c森鸥外著. |
| 260 | @a东京 :@b株式会社大从社,@c昭和58年. | |
| 300 | @a302 p. ;@c20cm. | |
| 650 | @a小说集 | |
| 700 | @a森鸥外著 | |
| 山木叔大地夫·高濑舟 / / 森鸥外著.-东京 : : 株式会社大从社, , 昭和58年. |
| 302 p. ; ; 20cm. |
| ISBN |
| ● |
| 相关链接 |
|
|
|
|
正题名:山木叔大地夫·高濑舟
索取号:H369.4/113
 
预约/预借
| 序号 | 登录号 | 条形码 | 馆藏地/架位号 | 状态 | 备注 |
| 1 | 152572 | 001302897 | 第二样本阅览室/ [索取号:H369.4/113] | 在馆 |